Report of the Technical Consultation on the Assessment and Management of the Black Sea Turbot, Istanbul, Turkey, 11-15 June 1979.

Bibliographic Details
Corporate Authors: GFCM Working Party on Resource Evaluation and Fishery Statistics, Food and Agriculture Organization of the United Nations
Format: Book
Language:English
French
Published: Rome : Food and Agriculture Organization of the United Nations, 1979.
Series:FAO fisheries report ; no. 226.
Subjects:

MARC

Tag First Indicator Second Indicator Subfields
LEADER 00000cam a2200000 a 4500
001 in00000091557
005 20151008064020.0
008 800819s1979 it a b i10000 eng d
020 |a 9251008795 
035 |a (OCoLC)06635633 
035 |9 AAK3363AM 
040 |a OLA  |c OLA  |d m.c.  |d TXA  |d UtOrBLW 
041 0 |a eng  |a fre 
043 |a mb----- 
049 |a TXAM  |c [1167182] 
090 |a SH331  |b .F2 no.226 
110 2 |a GFCM Working Party on Resource Evaluation and Fishery Statistics. 
245 1 0 |a Report of the Technical Consultation on the Assessment and Management of the Black Sea Turbot, Istanbul, Turkey, 11-15 June 1979. 
264 1 |a Rome :  |b Food and Agriculture Organization of the United Nations,  |c 1979. 
300 |a 19 pages :  |b illustrations ;  |c 28 cm. 
336 |a text  |b txt  |2 rdacontent 
337 |a unmediated  |b n  |2 rdamedia 
338 |a volume  |b nc  |2 rdacarrier 
490 1 |a FAO fisheries reports;  |v no. 226 
500 |a "FID/R226." 
500 |a Includes two papers in French. 
504 |a Includes bibliographical references. 
650 0 |a Flatfishes  |z Black Sea  |x Congresses. 
650 0 |a Fishery management  |z Black Sea  |x Congresses. 
710 2 |a Food and Agriculture Organization of the United Nations. 
740 0 |a Assessment and management of the Black Sea turbot. 
830 0 |a FAO fisheries report ;  |v no. 226. 
999 |a MARS 
999 f f |s ec1986fa-b3d5-3c69-84a2-9ab51549fe1c  |i 0fefd70d-f700-3fa3-a171-00c9946e64db  |t 0 
952 f f |p ric  |a Texas A&M University  |b Rellis Campus  |c Joint Library Facility  |d Remote Storage  |t 0  |e SH331 .F2 no.226  |h Library of Congress classification  |i unmediated -- volume  |m A14806239599 
998 f f |a SH331 .F2 no.226  |t 0  |l Remote Storage